| 000 | 003720000a22001450004500 | ||
|---|---|---|---|
| 060 | _a100 | ||
| 082 | _a589.1304 33 MAH | ||
| 100 | _aMaheswari, P | ||
| 245 | _aIntroduction to the embryology of angiosperms | ||
| 260 | _aBombay, Tata mc graw - hill publishing company limited | ||
| 260 | _c1950 | ||
| 300 | _a452 | ||
| 650 | _aEmbryology - angiosperms | ||
| 942 | _cBK | ||
| 999 |
_c357502 _d357502 |
||